သာသနဟိတဓဇ နာယကရသေ့ကြီးဦးခန္တီ၏ ထေရုပ္ပတ္တိနှင့် ရွှေမန်းတောင်သမိုင်းအကျဉ်း / (Record no. 16814)

000 -LEADER
fixed length control field 01186nam a2200217Ia 4500
003 - CONTROL NUMBER IDENTIFIER
control field OSt
005 - DATE AND TIME OF LATEST TRANSACTION
control field 20241004155403.0
007 - PHYSICAL DESCRIPTION FIXED FIELD--GENERAL INFORMATION
fixed length control field ca aa aaaaa
008 - FIXED-LENGTH DATA ELEMENTS--GENERAL INFORMATION
fixed length control field 201103s9999 xx 000 0 und d
040 ## - CATALOGING SOURCE
Transcribing agency SSBUL
041 ## - LANGUAGE CODE
Language code of text/sound track or separate title bur
082 ## - DEWEY DECIMAL CLASSIFICATION NUMBER
Edition number 23
Classification number ၂၉၄.၃၀၉၂ အေး
Item number ၉၂၈၀ S-SAT
100 0# - MAIN ENTRY--PERSONAL NAME
Personal name အေးမောင်၊ ဦး(အငြိမ်းစားရဲ့တပ်ကြပ်ကြီး)
9 (RLIN) 17398
245 10 - TITLE STATEMENT
Title သာသနဟိတဓဇ နာယကရသေ့ကြီးဦးခန္တီ၏ ထေရုပ္ပတ္တိနှင့် ရွှေမန်းတောင်သမိုင်းအကျဉ်း /
Statement of responsibility, etc. ဦးအေးမောင်(အငြိမ်းစားရဲတပ်ကြပ်ကြီး)။
250 ## - EDITION STATEMENT
Edition statement စတုတ္ထအကြိမ်။
260 ## - PUBLICATION, DISTRIBUTION, ETC.
Place of publication, distribution, etc. ရန်ကုန် ၊
Name of publisher, distributor, etc. တိုင်းလင်းစာပေ၊
Date of publication, distribution, etc. ၂၀၀၀။
300 ## - PHYSICAL DESCRIPTION
Extent ၆၀ စာမျက်နှာ ၊
Dimensions ၁၈ စင်တီ။
500 ## - GENERAL NOTE
General note S-SAT: Prof. Dr. Sai Aung Tun
650 ## - SUBJECT ADDED ENTRY--TOPICAL TERM
Topical term or geographic name entry element ရသေ့ကြီး ဦးခန္တီ
General subdivision ထေရုပ္ပတ္တိ
9 (RLIN) 54899
942 ## - ADDED ENTRY ELEMENTS (KOHA)
Source of classification or shelving scheme
Koha item type Book (Short term)
Holdings
Withdrawn status Lost status Source of classification or shelving scheme Damaged status Not for loan Collection code Permanent Location Current Location Shelving location Date acquired Total Checkouts Full call number Barcode Date last seen Price effective from Koha item type Accession
          Special Collections Shan State Buddhist University Library Shan State Buddhist University Library Special Collection Shelves 15/02/2023   ၂၉၄.၃၀၉၂ အေး ၉၂၈၀ S-SAT MB00009280 15/02/2023 15/02/2023 Book (Short term) ၉၂၈၀ S-SAT

Library - 09407999929
Admin Office - 09407999979
Dean Office - 09250910768
Registrar Office - 09892297154
Email - [email protected]
Shan State Buddhist University, Phaya Phyu Taunggyi, Shan State, Myanmar.